Perspectives on Mulk Raj Anand / (Record no. 128456)

MARC details
000 -LEADER
fixed length control field 00713nam a22002297a 4500
005 - DATE AND TIME OF LATEST TRANSACTION
control field 20170124110040.0
010 ## - LIBRARY OF CONGRESS CONTROL NUMBER
LC control number 919802
020 ## - INTERNATIONAL STANDARD BOOK NUMBER
Terms of availability 50.00
035 ## - SYSTEM CONTROL NUMBER
System control number 919802
037 ## - SOURCE OF ACQUISITION
Source of stock number/acquisition Cen Lib/Ret
040 ## - CATALOGING SOURCE
Original cataloging agency DPL
Language of cataloging EN
082 ## - DEWEY DECIMAL CLASSIFICATION NUMBER
Classification number 883.08
Item number PER
245 ## - TITLE STATEMENT
Title Perspectives on Mulk Raj Anand /
Statement of responsibility, etc edited by K.K.Sharma
260 ## - PUBLICATION, DISTRIBUTION, ETC. (IMPRINT)
Name of publisher, distributor, etc Vimal Prakashan
Date of publication, distribution, etc 1978
Place of publication, distribution, etc Ghaziabad
270 ## - ADDRESS
Address 413-A, Ram Nagar
Postal code 201 001
300 ## - PHYSICAL DESCRIPTION
Extent xxxi,188p.
Dimensions 19cm(Hb)
500 ## - GENERAL NOTE
General note Includes bibliographical references
650 ## - SUBJECT ADDED ENTRY--TOPICAL TERM
Topical term or geographic name as entry element Anand, Mulk Raj, -- 1905-2004 -- Criticism and interpretation
9 (RLIN) 23456
650 ## - SUBJECT ADDED ENTRY--TOPICAL TERM
Topical term or geographic name as entry element India -- In literature
9 (RLIN) 23457
700 ## - ADDED ENTRY--PERSONAL NAME
Personal name Sharma, K.K.
9 (RLIN) 11710
942 ## - ADDED ENTRY ELEMENTS (KOHA)
Source of classification or shelving scheme Dewey Decimal Classification
Koha item type English Books
Classification part 883.08
Call number suffix PER
Holdings
Withdrawn status Lost status Damaged status Not for loan Home library Current library Date acquired Source of acquisition Cost, normal purchase price Total Checkouts Full call number Barcode Date last seen Copy number Cost, replacement price Price effective from Koha item type Public note
Written off       Central Library Central Library 02/07/2015 Cen Lib/Ret 50.00   883.08 PER 919802 02/07/2015 1 50.00 02/07/2015 English Books Written off on approval by DLB (By Circulation); dtd 15-06-2023

© Delhi Public Library
Hit Counter
free hit counter